Taylor Swift song - one word at the time #8 - Statistics

General Stats
  • This quiz has been taken 38 times
  • The average score is 225 of 309
Answer Stats
Answer % Correct
I
100%
you
100%
You
100%
And
96%
and
96%
me
96%
my
96%
the
96%
But
91%
in
91%
In
91%
it
91%
on
91%
so
91%
to
91%
we
91%
We
91%
your
91%
be
87%
no
87%
if
83%
If
83%
know
83%
one
83%
at
78%
I'm
78%
don't
78%
I'm
78%
of
78%
were
78%
yes
78%
you're
78%
by
74%
could've
74%
didn't
74%
For
74%
her
74%
think
74%
time
74%
Would
74%
would've
74%
are
70%
Been
70%
been
70%
bus
70%
had
70%
it's
70%
saw
70%
should've
70%
stop
70%
folklore
65%
have
65%
never
65%
now
65%
really
65%
some
65%
thing
65%
this
65%
though
65%
up
65%
with
65%
all
61%
came
61%
day
61%
gonna
61%
good
61%
instead
61%
night
61%
over
61%
take
61%
well
61%
alone
57%
dream
57%
everything
57%
loves
57%
running
57%
saying
57%
something
57%
sweet
57%
the 1
57%
thought
57%
true
57%
alright
52%
ask
52%
baby
52%
defense
52%
doing
52%
each
52%
fun
52%
grow
52%
hit
52%
home
52%
made
52%
meet
52%
new
52%
none
52%
own
52%
shit
52%
Sunday
52%
temptation
52%
wanted
52%
wishes
52%
woman
52%
20s
48%
adventures
48%
another
48%
bleed
48%
chosen
48%
cool
48%
count
48%
different
48%
enough
48%
family
48%
films
48%
greatest
48%
ground
48%
guess
48%
Having
48%
internet
48%
leaving
48%
making
48%
numbers
48%
painted
48%
pennies
48%
pool
48%
resist
48%
Roaring
48%
showed
48%
today
48%
tossing
48%
waking
48%
digging
43%
grave
43%
Ooh
43%
persist
43%
Rosé
43%
flowing
39%
matinée
39%
No matching quizzes found
Score Distribution
Percent of People with Each Score
Percentile by Number Answered
Your Score History
You have not taken this quiz